Statistiques concernant Filmographie de David Fincher

Cliquez ici pour prendre le quiz!

Statistiques générales

  • Ce quiz a été pris 74 fois
  • Le résultat moyen est 6 sur 13

Statistiques - réponses

QuestionRéponse% Correct
Quel acteur a joué dans le plus de ces films ?Brad Pitt
81%
Lequel de ces films n'est pas tiré d'événements réelles ?Panic Room
81%
Quel est la second règle du Fight Club ?Il est interdit de parler du Fight Club
73%
Quel est le premier film de David Fincher ?Alien 3
68%
À la fin du film Se7en, quel écrivain le détective Somerset cite t'il avec "Le monde est un bel endroit qui mérite qu’on se batte pour lui : Je suis d’accord avec la seconde partie de la phrase."Ernest Hemingway
60%
Quel film possède la meilleur note sur IMDb ?Fight Club
57%
Quel acteur n'a pas joué dans l'un des films de Fincher ?Laurence Fishburne
41%
Quel est le film qu'il a réalisé avec le plus gros budget ?L'Étrange Histoire de Benjamin Button
41%
Quel est son plus long film ?L'Étrange Histoire de Benjamin Button
38%
Quel œuvre de Fincher n'a pas été nominé pour l'oscar du meilleur film ?Gone Girl
30%
Quel film lui rappel de réelle souvenir d'enfance ?Zodiac
27%
Quel est son plus gros succès au box-office ?Gone Girl
24%
Lequel de ces films ne se termine pas par un suicide ?Millénium
21%

Distribution des résultats

Percentile par nombre de réponses

% des personnes avec chaque résultat

Votre développement - résultats

Vous n’avez pas pris ce quiz